000 00670cam a2200217 4500500
005 20260329010153.0
041 _afre
042 _adc
100 1 0 _aOrtoli, Sven
_eauthor
245 0 0 _aLes préceptes de base du philosophe antique
260 _c2023.
500 _a27
690 _aConseils
690 _aDevoir
690 _aÉpictète
690 _aMarc Aurèle
690 _aPhilosophe
690 _aSénèque
786 0 _nPhilosophie magazine - Hors séries | Hors série - Autome 2023 | HS59 | 2023-10-01 | p. 21-21 | 2104-9246
856 4 1 _uhttps://shs.cairn.info/magazine-philosophie-magazine-2023-hs59-page-21?lang=fr&redirect-ssocas=7080
999 _c1850064
_d1850064